| 000 | 02518nam a22002537a 4500 | ||
|---|---|---|---|
| 003 | NALT | ||
| 005 | 20221118164949.0 | ||
| 008 | 220828b th ||||| |||| 00| 0 tha d | ||
| 020 | _a9786167305653 | ||
| 040 | _aNALT | ||
| 050 |
_aDS 578.32 _bท622ส 2556 |
||
| 245 | 1 | 0 |
_aสารจากน้ำพระราชหฤทัย มหาจักรีสิรินธร สยามบรมราชกุมารี / _cคณะกรรมการกิจการกระจายเสียง กิจการโทรทัศน์ และกิจการโทรคมนาคมแห่งชาติ. |
| 250 | _aพิมพ์ครั้งที่ 2. | ||
| 260 |
_aกรุงเทพฯ : _bคณะกรรมการกิจการกระจายเสียง กิจการโทรทัศน์ และกิจการโทรคมนาคมแห่งชาติ, _c2556. |
||
| 300 |
_a79 หน้า : _bภาพประกอบ ; _c23 ซม. |
||
| 500 | _aเฉลิมพระเกียรติสมเด็จพระเทพรัตนราชสุดา เจ้าฟ้ามหาจักรีสิรินธร รัฐสีมาคุณากรปิยชาติ สยามบรมราชกุมารี เนื่องในโอกาสมหามงคลเฉลิมพระชนมพรรษา 58 พรรษา 2 เมษายน 2556. | ||
| 505 | 2 | _aมหาจักรีสิรินธร สยามบรมราชกุมารี -- รัฐสีมาคุณากรปิยชาติ -- ทั่วโลกแซ่ซ้อง เห็นพ้องพระสมัญญา 'IT Princess'. | |
| 600 | 0 | 4 |
_950986 _aเทพรัตนราชสุดาเจ้าฟ้ามหาจักรีสิรินธร, _cกรมสมเด็จพระ, _d2498- |
| 600 | 0 | 4 |
_9584 _aเทพรัตนราชสุดาฯ สยามบรมราชกุมารี, _cสมเด็จพระ, _d2498- _xพระราชกรณียกิจ |
| 710 | 2 |
_929387 _aคณะกรรมการกิจการกระจายเสียง กิจการโทรทัศน์ และกิจการโทรคมนาคมแห่งชาติ |
|
| 850 | _aNALT | ||
| 942 |
_2lcc _cGB |
||
| 998 |
_akornsiririn _j3099 _k พรวิทู โค้วคชาภรณ์ |
||
| 999 |
_c100621 _d100621 |
||